00440nam a2200157Ia 450000500170000000800410001708200170005810000170007524500320009226000090012430000120013365000190014594200060016495200990017099900130026920240719011434.0240331s9999 xx 000 0 und d a200.042bYUS aYusuf, M.S.M 0aMarriage and Women in Islam c1994 a54 p ., aWomen in islam cL 001040708LaWERCLbWERCLcSSCd2024-03-31l0o 200.042 YUSp5019r2024-03-31w2024-03-31yL c807d807